LEADER 01597nam a2200373 u 4500 001 000000012190 003 CaOOAMICUS 005 20151026173209.0 008 941010s1988 it u000 u ita u 020 $a8840420118 032 $aLibriCat 035 $a10295384 040 $aEFR$bita 041 1 $aita$agre 100 1 $aAristides, Marcianus,$cs., di Atene,$dsec. II.$0(OLS)http://pul/name/11533 240 10$aApologia$9(Aristides, Marcianus, s., di Atene, sec. II).$lItaliano e greco.$0(OLS)http://pul/title/17655 245 10$aApologia /$cAristide di Atene ; a cura di Carlotta Alpigiano. 260 $aFirenze :$bNardini,$c1988. 300 $a215 p. ;$c21 cm 490 1 $aBiblioteca patristica ;$v11 500 $aComprende indici. 500 $aTesto greco e trad. italiana su due colonne. A fronte la trad. italiana della versione siriaca. 504 $aBibliografia: p. 191-197. 600 14$aAristides, Marcianus,$cs., di Atene,$dsec. II$xCritica e interpretazione.$0(OLS)http://pul/subject/9058 700 1 $aAlpigiano, Carlotta.$0(OLS)http://pul/name/11633 830 0$aBiblioteca patristica (Nardini) ;$v11.$0(OLS)http://pul/title/115 850 $aPUL 852 $aPUL$W1$xSL Religione 1$y3$m17 R 11$j17231$nBK-PRI$b $qStampati$B17231$CPULBib$Z2$F17231 $H $81 941 1 $a8 961 $aINV: 60405 996 $6020$a8840420118$9(OLS)http://pul/number/15594 996 $6245$aApologia$9(OLS)http://pul/title/17656 996 $6260$aFirenze :$bNardini$9(OLS)http://pul/publisher/47894 LEADER 01378nam a2200313 a 4500 001 000000162697 003 CaOOAMICUS 005 20170918100520.0 008 170918s2016 mx a u000 u spa r 020 $a978-607-7652-83-0* 032 $aLibriCat 040 $aPUL$bita 082 04$a128 100 1 $aLucas Lucas, Ramón.$0(OLS)http://pul/name/32787 245 10$aExplicame la persona /$cRamon Lucas Lucas. 250 $a3a. ed. 260 $a[S.l.] :$bInstituto Cencalli S.C.,$c©2016$aHuixquilucan (Mexico) :$bPontificio Instituto Juan Pablo II para Estudios sobre Matrimonio y Familia 300 $a312 p. :$bill. ;$c21 cm. 504 $aBibliografia in nota. 650 4$aAntropologia filosofica.$0(OLS)http://pul/subject/676 850 $aPUL 852 $aPUL$W1$xDP2 Filosofia 3$y112$m128 LUCRA 1$j186674$qDDC 21$B189918$CPULBib$Z2$F189918 $H130081 $81 941 1 $a9 996 $6020$a978-607-7652-83-0*$9(OLS)http://pul/number/163092 996 $6082$a128$9(OLS)http://pul/classification/461 996 $6245$aExplicame la persona$9(OLS)http://pul/title/202450 996 $6260$a[S.l.] :$bInstituto Cencalli S.C.$9(OLS)http://pul/publisher/86429 996 $6260$aHuixquilucan (Mexico) :$bPontificio Instituto Juan Pablo II para Estudios sobre Matrimonio y Familia$9(OLS)http://pul/publisher/86430